Tiền tệ, tín dụng, ngân hàng trong cơ chế thị trường
Cơ sở lý luận và khoa học vấn đề cơ bản về tiền tệ, tín dụng, ngân hàng trong nền kinh tế thị trường hiện nay.
Đã lưu trong:
| Údar Corparáideach: | |
|---|---|
| Formáid: | Leabhar |
| Teanga: | Undetermined |
| Foilsithe: |
Thành phố Hồ Chí Minh
Trường Đại học kinh tế Thành phố Hồ Chí Minh
1995
|
| Ábhair: | |
| Clibeanna: |
Cuir Clib Leis
Gan Chlibeanna, Bí ar an gcéad duine leis an taifead seo a chlibeáil!
|
| Thư viện lưu trữ: | Trung tâm Học liệu Trường Đại học Cần Thơ |
|---|
| LEADER | 01005nam a2200217Ia 4500 | ||
|---|---|---|---|
| 001 | CTU_5591 | ||
| 008 | 210402s9999 xx 000 0 und d | ||
| 082 | |a 332.1 | ||
| 082 | |b Tr561 | ||
| 110 | |a Trường Đại học Kinh tế Thành phố Hồ Chí Minh | ||
| 245 | 0 | |a Tiền tệ, tín dụng, ngân hàng trong cơ chế thị trường | |
| 245 | 0 | |c Trường Đại học Kinh tế Thành phố Hồ Chí Minh | |
| 260 | |a Thành phố Hồ Chí Minh | ||
| 260 | |b Trường Đại học kinh tế Thành phố Hồ Chí Minh | ||
| 260 | |c 1995 | ||
| 520 | |a Cơ sở lý luận và khoa học vấn đề cơ bản về tiền tệ, tín dụng, ngân hàng trong nền kinh tế thị trường hiện nay. | ||
| 650 | |a Banks and banking,Finance, public | ||
| 650 | |y 1986 - | ||
| 650 | |z Vietnam | ||
| 904 | |i Nguyễn Quang Điền, 960724 | ||
| 980 | |a Trung tâm Học liệu Trường Đại học Cần Thơ | ||